000 00954cam a22003017a 4500
003 CHAP
005 20220329140639.0
008 971013s1966 r 00010 d
010 _a55319
011 _a56291
035 _a60444
040 _cCHAP
082 _a918
_bS3
100 0 0 _aSauer, Carl Ortwin.
_9102740
245 1 4 _aThe early spanish main
260 _aBerkeley :
_bUniversity of California,
_c1966
300 _a306 p.
_b: ilus.
590 _aBATCH-UPD
_b10
_c20130110
_lUCH01
_h0833
590 _aBATCH-UPD
_b10
_c20130410
_lUCH01
_h0511
590 _aBATCH-UPD
_b10
_c20130914
_lUCH01
_h1153
590 _aCONVERSION
_b10
_c20130109
_lUCH01
_h1330
650 1 4 _aAmerica
_xDescubrimientos y exploracion.
_95362
650 1 4 _aDescubrimientos geográficos.
_932120
650 1 4 _aMéxico
_xDescubrimientos y exploración.
_976738
901 _aBK
942 _cLIBRO
949 _a918 S3
_bBC
_cLIBRO
_d33724000153813
_eLIBRO
_h15590
_i60444
_si
_t31.00
999 _c55319
_d55319